Auteurs Français Siècle - Statistiques

Statistiques générales
  • Ce quiz a été pris 96 fois
  • Le résultat moyen est 75 sur 109
Statistiques - réponses
Hint Réponse % Correct
MOLIERE 17
97%
RACINE 17
95%
G. APOLLINAIRE 20
95%
DU BELLAY 16
90%
RABELAIS 16
90%
MUSSET 19
90%
P. VALERY 20
90%
ARAGON 20
90%
CYRANO DE BERGERAC 17
89%
LA FONTAINE 17
87%
VOLTAIRE 18
87%
BEAUDELAIRE 19
87%
S. BECKETT 20
87%
BEAUMARCHAIS 18
86%
A. DAUDET 19
86%
RIMBAUD 19
86%
M. YOURNENAR 20
86%
DIDEROT 18
84%
CHATEAUBRIAND 19
84%
STENDHAL 19
84%
FLAUBERT 19
84%
BALZAC 19
84%
M. DURAS 20
84%
RONSARD 16
83%
ROUSSEAU 18
81%
ZOLA 19
81%
J. COCTEAU 20
81%
LA ROCHEFOUCAULD 17
79%
LACLOS 18
79%
COLETTE 20
79%
C.PERRAULT 17
78%
MARQUIS DE SADE 18
78%
GONCOURT EDMOND ET JULES 19
78%
DUMAS 19
78%
H. BAZIN 20
78%
J. GIONO 20
78%
R. GARY 20
78%
A. CAMUS 20
78%
MARIVAUX 18
76%
NERVAL 19
76%
V.HUGO 19
76%
ROBBE-GRILLET 20
76%
P. CLAUDEL 20
76%
BLAISE PASCAL 17
75%
CORNEILE 17
75%
MR. PAGNOL 20
75%
J. PREVERT 20
75%
LA BRUYERE 17
73%
VERLAINE 19
73%
F. MAURIAC 20
73%
A. BRETON 20
73%
J. ANOUILH 20
73%
MADAME DE LA FAYETTE 17
71%
MALLARME 19
71%
IONESCO 20
71%
TRISTAN CORBIERE 19
70%
FONTENELLE 17
68%
LE CLEZIO 20
68%
GIDE 20
68%
JULES VERNE 20
68%
DESCARTES 17
67%
LECONTE DE LISLE 19
67%
MONTAIGNE 16
65%
HUYSMANS 19
65%
MERIMEE 19
65%
MAUPASSANT 19
65%
QUENTEAU 20
65%
B. CENDRARS 20
65%
VIGNY 19
63%
A. COHEN 20
63%
LESAGE 18
60%
MONTESQUIEU 18
60%
LABICHE 19
60%
THERESE RAQUIN 19
60%
G. SAND 19
60%
N. SARRAUTE 20
60%
LOUIS LABE 16
59%
SAINT-JOHN PERSE 20
59%
P. ELUARD 20
59%
D'AUBIGNE 17
57%
BORIS VIAN 20
57%
F. PONGE 20
56%
BERNANOS 20
56%
A. MALRAUX 20
56%
SAINT-EXUPERY 20
56%
LA MARTINE 19
54%
REGNIER 17
52%
LAUTREAMONT 19
52%
MADAME DE STAEL 19
52%
PEREC 20
52%
J.P. SARTRE 20
52%
HONORE D'URFE 17
51%
THEOPHILE DE VIAU 17
51%
A. JARRY 19
51%
KOLTES 20
51%
ALAIN. FOURNIER 20
51%
M. PROUST 20
51%
L.F. CELINE 20
49%
M. TOURNIER 20
48%
LAFORGUE 19
46%
MAROT 16
44%
BERNADIN DE SAINT-PIERRE 18
44%
BOSSUET 17
41%
J.C GRUMBERT 20
41%
J. GIRAUDOUX 20
41%
E.ROSTAND 19
38%
R. CHARGE 20
38%
MICHAUX 20
35%
J. BARBEY D'AUREVELLY 19
30%
Aucun quiz correspondant
Distribution des résultats
% des personnes avec chaque résultat
Percentile par nombre de réponses
Votre historique - résultats
Vous n’avez pas pris ce quiz